| 000 | 00642cam a2200205 a 4500 | ||
|---|---|---|---|
| 001 | 673845 | ||
| 005 | 20250531145036.0 | ||
| 008 | 951108s1996 mou 000 0 eng | ||
| 020 | _a0892438746 | ||
| 050 | 0 | 0 |
_aBV4390 _b.S46 1996 |
| 082 | 0 | 0 |
_a248.4/7 _220 |
| 100 | 1 |
_aSipe, A. W. Richard, _d1932-2018. |
|
| 245 | 1 | 0 |
_aCelibacy : _ba way of loving, living, and serving / _cA.W. Richard Sipe ; [foreword by Susan Muto]. |
| 250 | _a1st ed. | ||
| 260 |
_aLiguori, Mo. : _bTriumph Books, _c[1996] |
||
| 300 |
_avii, 197 p. ; _c21 cm. |
||
| 650 | 0 |
_aCelibacy _xCatholic Church. |
|
| 650 | 0 |
_aSpiritual life _xCatholic Church. |
|
| 942 |
_2lcc _cBK _n0 |
||
| 999 |
_c6104 _d6104 |
||